Software Project Management/ (Record no. 2406)

MARC details
000 -LEADER
fixed length control field 00911nam a22002775a 4500
008 - FIXED-LENGTH DATA ELEMENTS--GENERAL INFORMATION
fixed length control field 090426s2006 uk a|||fr|||| 001 0 eng d
010 ## - LIBRARY OF CONGRESS CONTROL NUMBER
LC control number 010035805
020 ## - INTERNATIONAL STANDARD BOOK NUMBER
International Standard Book Number 0077109899
020 ## - INTERNATIONAL STANDARD BOOK NUMBER
International Standard Book Number 9780077109899
040 ## - CATALOGING SOURCE
Original cataloging agency EG-ScBuE
Language of cataloging eng
Transcribing agency EG-ScBuE
082 ## - DEWEY DECIMAL CLASSIFICATION NUMBER
Classification number 005.1068
Item number HUG
Edition number 22
100 1# - MAIN ENTRY--PERSONAL NAME
Personal name Hughes,Bob.
9 (RLIN) 4317
245 ## - TITLE STATEMENT
Title Software Project Management/
Statement of responsibility, etc Bob Hughes , Mike Cotterell.
250 ## - EDITION STATEMENT
Edition statement 4th ed.
260 ## - PUBLICATION, DISTRIBUTION, ETC. (IMPRINT)
Place of publication, distribution, etc London.
Name of publisher, distributor, etc McGraw Hill,
Date of publication, distribution, etc c.2006.
300 ## - PHYSICAL DESCRIPTION
Extent 358 p. :
Other physical details ill. ;
Dimensions 25 cm
500 ## - GENERAL NOTE
General note Index : p.347-357.
590 ## - LOCAL NOTE (RLIN)
Local note yassmeen ashraf
600 ## - SUBJECT ADDED ENTRY--PERSONAL NAME
Personal name Bob Hughes and Mike Cotterell.
9 (RLIN) 4318
650 ## - SUBJECT ADDED ENTRY--TOPICAL TERM
Topical term or geographic name as entry element Software Engineering.
9 (RLIN) 4319
Source of heading or term BUEsh
651 ## - SUBJECT ADDED ENTRY--GEOGRAPHIC NAME
Source of heading or term BUEsh
653 ## - INDEX TERM--UNCONTROLLED
Resource For college Informatics and Computer Science
Arrived date list August2015
655 ## - INDEX TERM--GENRE/FORM
Genre/form data or focus term Software Project Management- year 3.
Form subdivision
General subdivision Computer Science
Chronological subdivision Semester 2. 2008/2009
700 1# - ADDED ENTRY--PERSONAL NAME
Personal name Cotterell, Mike
9 (RLIN) 12205
942 ## - ADDED ENTRY ELEMENTS (KOHA)
Item type Book - Borrowing
Call number prefix 005.1068 HUG
Source of classification or shelving scheme Dewey Decimal Classification
Holdings
Withdrawn status Item status Source of classification or shelving scheme Damaged status Not for loan Vendor Home library Current library Shelving location Date acquired Source of acquisition Total Checkouts Total Renewals Full call number Barcode Date last seen Date last borrowed Koha item type
    Dewey Decimal Classification       Central Library Central Library Lower Floor 19/02/2007   11 15 005.1068 HUG 000001886 15/07/2025 14/11/2018 Book - Borrowing
    Dewey Decimal Classification       Central Library Central Library Lower Floor 19/02/2007   7 6 005.1068 HUG 000001885 15/07/2025 20/01/2018 Book - Borrowing
    Dewey Decimal Classification       Central Library Central Library Lower Floor 19/02/2007   11 12 005.1068 HUG 000001884 15/07/2025 08/10/2018 Book - Borrowing
    Dewey Decimal Classification     Baccah Central Library Central Library Lower Floor 15/04/2010   2   005.1068 HUG 000001883 15/07/2025 17/05/2011 NB - Book (Non borrowing)